<?xml version="1.0" encoding="UTF-8"?><?xml-stylesheet type="text/xsl" href="static/style.xsl"?><OAI-PMH xmlns="http://www.openarchives.org/OAI/2.0/" xmlns:xsi="http://www.w3.org/2001/XMLSchema-instance" xsi:schemaLocation="http://www.openarchives.org/OAI/2.0/ http://www.openarchives.org/OAI/2.0/OAI-PMH.xsd"><responseDate>2026-04-17T15:42:42Z</responseDate><request verb="GetRecord" identifier="oai:www.recercat.cat:2072/379304" metadataPrefix="marc">https://recercat.cat/oai/request</request><GetRecord><record><header><identifier>oai:recercat.cat:2072/379304</identifier><datestamp>2026-03-08T23:39:30Z</datestamp><setSpec>com_2072_98</setSpec><setSpec>col_2072_378192</setSpec></header><metadata><record xmlns="http://www.loc.gov/MARC21/slim" xmlns:dcterms="http://purl.org/dc/terms/" xmlns:xsi="http://www.w3.org/2001/XMLSchema-instance" xmlns:doc="http://www.lyncode.com/xoai" xsi:schemaLocation="http://www.loc.gov/MARC21/slim http://www.loc.gov/standards/marcxml/schema/MARC21slim.xsd">
   <leader>00925njm 22002777a 4500</leader>
   <datafield ind2=" " ind1=" " tag="042">
      <subfield code="a">dc</subfield>
   </datafield>
   <datafield ind2=" " ind1=" " tag="720">
      <subfield code="a">Romagosa Casals, Francesc</subfield>
      <subfield code="e">author</subfield>
   </datafield>
   <datafield ind2=" " ind1=" " tag="720">
      <subfield code="a">Pèlachs, Albert</subfield>
      <subfield code="e">author</subfield>
   </datafield>
   <datafield ind2=" " ind1=" " tag="260">
      <subfield code="c">2000</subfield>
   </datafield>
   <datafield ind2=" " ind1=" " tag="520">
      <subfield code="a">Del 9 al 12 de desembre de 1999 va tenir lloc a Màlaga el XVI Congrés de Geògrafs Espanyols, convocat per l'Associació de Geògrafs Espanyols. El congrés va tenir com a lema principal «El territori i la seva imatge» i es va estructurar en quatre ponències: la dinàmica natural del paisatge; els espais del turisme; els llocs i els processos de globalització, i la ciutat de finals de segle: realitat i projecte.</subfield>
   </datafield>
   <datafield ind2=" " ind1=" " tag="520">
      <subfield code="a">Del 9 al 12 de diciembre de 1999 tuvo lugar en Málaga el XVI Congreso de Geógrafos Españoles, convocado por la Asociación de Geógrafos Españoles. El congreso tuvo como lema principal «El territorio y su imagen» y fue estructurado en cuatro ponencias: la dinámica natural del paisaje; los espacios del turismo; los lugares y los procesos de globalización, y la ciudad de finales de siglo: realidad y proyecto.</subfield>
   </datafield>
   <datafield ind2=" " ind1=" " tag="520">
      <subfield code="a">Du 9 au 12 décembre 1999 a eu lieu à Málaga le XVIème Congrés des Géographes Espagnols, convoqué par l'Association de Géographes Espagnols. Le congrés s'organise sur le thème général «Le territoire et son image» et autour de quatre sessions de travail: la dynamique naturelle du paysage; les espaces du tourisme; les lieux et les processus de globalisation, et la ville de fin de siècle: réalité et projet.</subfield>
   </datafield>
   <datafield ind2=" " ind1=" " tag="520">
      <subfield code="a">The XVI Congress of Spanish Geographers, organized by the Association of Spanish Geographers, took place in Málaga from 9th to 12th December 1999. The main theme of the Congress was «The territory and its image» and it was divided in four subtopics: the nat- ural dynamics of landscape; tourism environments; places and globalization processes, and the city at the end of the century: reality and projection.</subfield>
   </datafield>
   <datafield tag="653" ind2=" " ind1=" ">
      <subfield code="a">Paisatge</subfield>
   </datafield>
   <datafield tag="653" ind2=" " ind1=" ">
      <subfield code="a">Turisme</subfield>
   </datafield>
   <datafield tag="653" ind2=" " ind1=" ">
      <subfield code="a">Globalització</subfield>
   </datafield>
   <datafield tag="653" ind2=" " ind1=" ">
      <subfield code="a">Ciutat</subfield>
   </datafield>
   <datafield tag="653" ind2=" " ind1=" ">
      <subfield code="a">Paisaje</subfield>
   </datafield>
   <datafield tag="653" ind2=" " ind1=" ">
      <subfield code="a">Turismo</subfield>
   </datafield>
   <datafield tag="653" ind2=" " ind1=" ">
      <subfield code="a">Globalización</subfield>
   </datafield>
   <datafield tag="653" ind2=" " ind1=" ">
      <subfield code="a">Ciudad</subfield>
   </datafield>
   <datafield tag="653" ind2=" " ind1=" ">
      <subfield code="a">Paysage</subfield>
   </datafield>
   <datafield tag="653" ind2=" " ind1=" ">
      <subfield code="a">Tourisme</subfield>
   </datafield>
   <datafield tag="653" ind2=" " ind1=" ">
      <subfield code="a">Globalisation</subfield>
   </datafield>
   <datafield tag="653" ind2=" " ind1=" ">
      <subfield code="a">Ville</subfield>
   </datafield>
   <datafield tag="653" ind2=" " ind1=" ">
      <subfield code="a">Landscape</subfield>
   </datafield>
   <datafield tag="653" ind2=" " ind1=" ">
      <subfield code="a">Tourism</subfield>
   </datafield>
   <datafield tag="653" ind2=" " ind1=" ">
      <subfield code="a">Globalization</subfield>
   </datafield>
   <datafield tag="653" ind2=" " ind1=" ">
      <subfield code="a">City</subfield>
   </datafield>
   <datafield ind2="0" ind1="0" tag="245">
      <subfield code="a">XVI Congreso de Geógrafos Españoles : Màlaga, del 9 al 12 de desembre de 1999</subfield>
   </datafield>
</record></metadata></record></GetRecord></OAI-PMH>